Bioinformatics Computing (Record no. 16751)

000 -LEADER
fixed length control field 00264nam a22001097a 4500
003 - CONTROL NUMBER IDENTIFIER
control field ASAB
005 - DATE AND TIME OF LATEST TRANSACTION
control field 20171227113802.0
008 - FIXED-LENGTH DATA ELEMENTS--GENERAL INFORMATION
fixed length control field 140102t xxu||||| |||| 00| 0 eng d
020 ## - INTERNATIONAL STANDARD BOOK NUMBER
International Standard Book Number 978-81-7319-794-9
040 ## - CATALOGING SOURCE
Transcribing agency ASAB
082 ## - DEWEY DECIMAL CLASSIFICATION NUMBER
Classification number 572.8
245 ## - TITLE STATEMENT
Title Bioinformatics Computing
Statement of responsibility, etc. Editor : Vikram singh et. al.
260 ## - PUBLICATION, DISTRIBUTION, ETC.
Place of publication, distribution, etc. New Delhi
Name of publisher, distributor, etc. Narosa Publishing House
Date of publication, distribution, etc. c2007
300 ## - PHYSICAL DESCRIPTION
Extent 207 P
630 ## - SUBJECT ADDED ENTRY--UNIFORM TITLE
Uniform title Bioinformatics
9 (RLIN) 5406
630 ## - SUBJECT ADDED ENTRY--UNIFORM TITLE
Uniform title Computing
9 (RLIN) 7695
942 ## - ADDED ENTRY ELEMENTS (KOHA)
Source of classification or shelving scheme
Koha item type Book
Holdings
Withdrawn status Lost status Source of classification or shelving scheme Damaged status Not for loan Collection code Permanent Location Current Location Date acquired Total Checkouts Full call number Barcode Date last seen Date last checked out Price effective from Koha item type
            Central Library (CL) Central Library (CL) 01/02/2014 1 572.8 SIN ASAB1791 12/27/2017 10/12/2015 01/02/2014 Book
© 2023 Central Library, National University of Sciences and Technology. All Rights Reserved.